000 00568nam a2200181 i 4500
001 70574
003 ES-MaACL
005 20231205191407.0
007 t|
008 040728s1968 sp ||||1| spa d
100 1 _aGarcía Viñó, M.
_955416
245 1 0 _aPintura española neofigurativa /
_cM. García Viñó : prefacio de José Camón Aznar.
260 _aMadrid :
_bGuadarrama,
_c[1968]
300 _a198 p., 4 lám. ;
_c18 cm.
700 1 _aCamón Aznar, José,
_d1898-1979
_934095
852 _aES-MaACL
_jC-34841
_bR.66635
999 _c70574
_d70574